书目信息 |
| 题名: |
希腊古典神话
|
|
| 作者: | [德]施瓦布著:曹乃云 译 | |
| 分册: | ||
| 出版信息: | 南京 译林出版社 1995.05 |
|
| 页数: | 739页 | |
| 开本: | 32开 | |
| 丛书名: | ||
| 单 册: | ||
| 中图分类: | I516.73 | |
| 科图分类: | ||
| 主题词: | 文学 | |
| 电子资源: | ||
| ISBN: | 7-80567-499-X | |
| 000 | 00536nam0 2200181 45 | |
| 001 | 0009141912 | |
| 005 | 20061120165159.29 | |
| 010 | @a7-80567-499-X@d32.00元 | |
| 100 | @a20000914d1995 km y0chiy0120 ea | |
| 101 | 0 | @achi |
| 200 | 1 | @a希腊古典神话@AXi La Gu Dian Shen Hua@f[德]施瓦布著:曹乃云译@F[De]Shi Wa Bu Zhu:Cao Nai Yun Yi |
| 210 | @a南京@c译林出版社@d1995.05 | |
| 215 | @a739页@d32开 | |
| 606 | 0 | @a文学 |
| 690 | @aI516.73@v3 | |
| 701 | 0 | @a[德]施瓦布著:曹乃云@4译 |
| 801 | @aCN@c20061120 | |
| 905 | @b142338-340@dI516.73@eSH073/1@f3 | |
| 希腊古典神话/[德]施瓦布著:曹乃云译.-南京:译林出版社,1995.05 |
| 739页;32开 |
| ISBN 7-80567-499-X:32.00元 |
| ● |
| 相关链接 |
|
|
|
正题名:希腊古典神话
索取号:I516.73/SH073/1
 
预约/预借
| 序号 | 登录号 | 条形码 | 馆藏地/架位号 | 状态 | 备注 |
| 1 | 142338 | 201423389 | 文学库116/ [索取号:I516.73/SH073/1] | 在馆 | |
| 2 | 142339 | 201423398 | 社科二线400B/400B社科库 28排1列5层/ [索取号:I516.73/SH073/1] | 在馆 | |
| 3 | 142340 | 201423405 | 文学库116/116文学库 18排1列4层/ [索取号:I516.73/SH073/1] | 在馆 | |
| 4 | 611503 | 206115032 | 文学库116/400B社科库 24排4列1层/ [索取号:I516.73/SH073/1] | 在馆 | |
| 5 | 611504 | 206115041 | 文学库116/116文学库 18排1列4层/ [索取号:I516.73/SH073/1] | 在馆 | |
| 6 | 611505 | 206115050 | 文学库116/116文学库 18排1列4层/ [索取号:I516.73/SH073/1] | 在馆 |